000 01087nam a2200229 a 4500
001 BRCA_8904
005 20190320210443.0
008 160617s1747----it-#######---#000-0#ita-#
041 _aita
044 _ait
084 _aCO99
_b.M34 1747
100 1 _aMaffei, Scipione
_d1675-1755
_922147
245 1 0 _aLa merope
_btragedia
_cdel signor Marchese Scipione Maffei gusta la prima ediciones di moderna del 1713; Con la varie lezioni, trate dalle due ultime Edizioni di Verona; insieme con alcune Operete, colle quali critica, si disende, e ilustra la decta tragedia; Compillate, e raccolte per D. Vicenzo Cavallucci Perugino, e dedícate al sereniss. príncipe, Pietro Grimani, doge di Veneza.
260 _aIn Venezia
_bAppresso Pietro Bassaglia
_c1747
300 _a313 p.
_c23.6 x 16.8 cm
500 _aCon licenza de superiori, e privilegio
500 _aEstado físico: presenta encuadernación en pergamino, carece de cintas y con presencia del pez de plata
700 1 _aCavalluci Perugino, Vicenzo
_922148
700 1 _aPietro Grimani
_922149
902 _aCFM
942 _2lcc
_cB
999 _c8555
_d8555